| 000 | 00578pam a2200217 a 4500 | ||
|---|---|---|---|
| 001 | 2896583 | ||
| 005 | 20180215034224.0 | ||
| 008 | 871110s1988 maua b 001 0 eng | ||
| 010 | _a 87032707 | ||
| 020 |
_a0534083161 : _c$35.00 |
||
| 040 |
_aDLC _cDLC _dDLC |
||
| 041 | _aeng | ||
| 080 | _a658.1511 HIR | ||
| 082 | 0 | 0 |
_a658.1511 HIR _219 |
| 100 | 1 | _a62 | |
| 101 | _aKF | ||
| 245 | 1 | 0 |
_aAdvanced management accounting / _cMaurice L. Hirsch, Jr. |
| 504 | _aIncludes bibliographies and index. | ||
| 906 |
_a7 _bcbc _corignew _d1 _eocip _f19 _gy-gencatlg |
||
| 942 |
_2ddc _cBK |
||
| 999 |
_c42580 _d42580 |
||